LEADER 01674nam a2200361 a 4500 001 000000149346 003 CaOOAMICUS 005 20160211143643.0 008 160211s2010 it b u000 u ita r 020 $a9788862502962* 032 $aLibriCat 040 $aPUL$bita 082 04$a338 100 1 $aBerloffa, Gabriella.$0(OLS)http://pul/name/95235 245 10$aAlla radice dello sviluppo :$bl'importanza del fattore umano /$cGabriella Berloffa, Giuseppe Folloni, Ilaria Schnyder von Wartensee. 260 $aMilano :$bGuerini e associati,$cİ2010. 300 $a343 p. :$bc. geogr. ;$c24 cm. 490 1 $aStudi e ricerche ;$v02 504 $aBibliografia: p. [323]-343. 650 4$aEconomia mondiale.$0(OLS)http://pul/subject/19449 650 4$aEconomia$xAspetti etici e sociali.$0(OLS)http://pul/subject/40125 650 4$aSviluppo economico e aree sottosviluppate.$0(OLS)http://pul/subject/18886 700 1 $aSchnyder von Wartensee, Ilaria.$0(OLS)http://pul/name/95237 700 1 $aFolloni, Giuseppe.$0(OLS)http://pul/name/31194 830 0$aStudi e ricerche (Guerini e Associati) ;$v02.$0(OLS)http://pul/title/150428 850 $aPUL 852 $aPUL$W1$xSL Diritto e Scienze Sociali 3$y79$m338 BERGA 1$j171997$qDDC 21$B173589$CPULBib$Z2$F173589 $H127024 $81 941 1 $a9 996 $6020$a9788862502962*$9(OLS)http://pul/number/159657 996 $6082$a338$9(OLS)http://pul/classification/647 996 $6245$aAlla radice dello sviluppo :$bl'importanza del fattore umano$9(OLS)http://pul/title/188285 996 $6260$aMilano :$bGuerini e associati$9(OLS)http://pul/publisher/54431 LEADER 01378nam a2200361 u 4500 001 000000056592 003 CaOOAMICUS 005 20160913172731.0 008 010410s1962 it u000 u ita u 032 $aLibriCat 035 $a10885500 040 $aPUL(R)$bita 041 1 $aita$hfre 100 1 $aDurrwell, François Xavier,$cC.SS.R.,$d1912-2005.$0(OLS)http://pul/name/11943 240 10$aDans le Christ redempteur.$lItaliano.$0(OLS)http://pul/title/75690 245 10$aNel Cristo redentore :$bnote di vita spirituale /$cF. X. Durrwell. 250 $a2. ed. 260 $aRoma :$bPaoline,$c1962. 300 $a414 p. ;$c20 cm 490 1 $aOrientamenti ;$v1 600 04$aIesus Christus.$0(OLS)http://pul/subject/207 650 4$aSalvezza$xCritica e interpretazione.$0(OLS)http://pul/subject/17416 830 0$aOrientamenti (Paoline) ;$v1.$0(OLS)http://pul/title/114982 850 $aPUL 852 $aPUL$W1$xSL Religione 1$y3$m65 D 31$j74210$nBK-PRI$b $qStampati$B74210$CPULBib$Z2$F74210 $H $81 941 1 $a8 960 $aCristologia$9207 960 $aCristologia$9207 960 $aGesù Cristo$9207 961 $aINV: 41787 996 $6245$aNel Cristo redentore :$bnote di vita spirituale$9(OLS)http://pul/title/75691 996 $6260$aRoma :$bPaoline$9(OLS)http://pul/publisher/50842